Sláine. Válečníkův úsvit /

Hlavní autor: Mills, Pat, 1949-
Další autoři: Kincaid, Angela, Belardinelli, Massimo, 1938-2007, McMahon, Mike
Jazyk: Čeština
Vydáno: [Praha] : Crew, 2010
Edice: Světové komiksy česky
Témata:
Fyzický popis: [212] s. : vše il. ; 26 cm
Knihy
Uloženo v:
LEADER 01621cam a2200433 a 4500
001 nkc20112158986
003 CZ PrNK
005 20120229102557.0
007 ta
008 110208s2010 xr a g 000 1 cze d
015 |a cnb002158986 
020 |a 978-80-7449-007-1  |q (brož.) :  |c Kč 329,00 
035 |a (OCoLC)780136927 
040 |a OSA001  |b cze  |d ABA001 
041 1 |a cze  |h eng 
072 7 |a 821-1/-8  |x Literatura různých forem a žánrů  |2 Konspekt  |9 25 
080 |a 821-312.5  |2 MRF 
080 |a (084.1)  |2 MRF 
100 1 |a Mills, Pat,  |d 1949-  |7 xx0013721  |4 aut 
245 1 0 |a Sláine.  |p Válečníkův úsvit /  |c stvořili Pat Mills a Angie Kincaidová ; [Angie Kincaidová, Massimo Belardinelli, Mike McMahon kresba ; Martin D. Antonín překlad] 
246 3 0 |a Válečníkův úsvit 
260 |a [Praha] :  |b Crew,  |c 2010 
300 |a [212] s. :  |b vše il. ;  |c 26 cm 
490 1 |a Světové komiksy česky 
500 |a Přeloženo z angličtiny 
500 |a Na hřbetu označení: 1; v předmluvě uvedeno jako první kniha Sláinových příběhů 
655 7 |a komiksy  |7 fd131978  |2 czenas 
655 9 |a comics  |2 eczenas 
700 1 |a Kincaid, Angela  |7 mzk2006356010  |4 ill 
700 1 |a Belardinelli, Massimo,  |d 1938-2007  |7 xx0132738  |4 ill 
700 1 |a McMahon, Mike  |7 xx0122478  |4 ill 
765 0 |t Sláine: Warrior's dawn  |9 Česky 
765 1 |t Warrior's dawn  |9 Česky 
830 0 |a Světové komiksy česky  |0 s 
910 2 |a BOA001  |b 3-1278.971 
990 |a BK 
995 |a 01 
991 |b 201202  |e b 
996 6 |b 2610501991  |c 3-1278.971  |l MZK  |r Sklad / do 1 hodiny  |n 0  |p p.v.  |w 001228067  |u 000010  |a 1  |e BOA001  |j MZK50  |s P